Haikyu!! : 1 / (Record no. 49347)
| 000 -LEADER | |
|---|---|
| fixed length control field | 01114nam a2200157 4500 |
| 020 ## - INTERNATIONAL STANDARD BOOK NUMBER | |
| International Standard Book Number | 978-1421587660 |
| 100 ## - MAIN ENTRY--PERSONAL NAME | |
| Personal name | Haruichi, Furudate, |
| Relator term | author. |
| 9 (RLIN) | 86561 |
| 245 ## - TITLE STATEMENT | |
| Title | Haikyu!! : 1 / |
| Remainder of title | Shonen jump manga edition. |
| Statement of responsibility, etc | Story and Art by Haruchi Furudate. |
| 260 ## - PUBLICATION, DISTRIBUTION, ETC. (IMPRINT) | |
| Place of publication, distribution, etc | San Francisco: |
| Name of publisher, distributor, etc | VIZ Media, |
| Date of publication, distribution, etc | 2024. |
| 300 ## - PHYSICAL DESCRIPTION | |
| Extent | 192 pages. |
| 490 ## - SERIES STATEMENT | |
| Series statement | Haikyu : |
| Volume number/sequential designation | 1 |
| 500 ## - GENERAL NOTE | |
| General note | hoyo Hinata is out to prove that in volleyball you don't need to be tall to fly!<br/><br/>Ever since he saw the legendary player known as “the Little Giant” compete at the national volleyball finals, Shoyo Hinata has been aiming to be the best volleyball player ever! Who says you need to be tall to play volleyball when you can jump higher than anyone else?<br/><br/>After losing his first and last volleyball match against Tobio Kageyama, “the King of the Court,” Shoyo Hinata swears to become his rival after graduating middle school. But what happens when the guy he wants to defeat ends up being his teammate?! |
| 650 ## - SUBJECT ADDED ENTRY--TOPICAL TERM | |
| 9 (RLIN) | 79779 |
| Topical term or geographic name as entry element | JUVENILE FICTION / Sports & Recreation / Basketball. |
| 650 ## - SUBJECT ADDED ENTRY--TOPICAL TERM | |
| 9 (RLIN) | 15987 |
| Topical term or geographic name as entry element | Friendship |
| General subdivision | Fiction. |
| 942 ## - ADDED ENTRY ELEMENTS (KOHA) | |
| Source of classification or shelving scheme | |
| Koha item type | Book |
| Withdrawn status | Lost status | Source of classification or shelving scheme | Damaged status | Not for loan | Home library | Current library | Date acquired | Total Checkouts | Total Renewals | Full call number | Barcode | Checked out | Date last seen | Date checked out | Price effective from | Koha item type |
|---|---|---|---|---|---|---|---|---|---|---|---|---|---|---|---|---|
| Logos International School | Logos International School | 08/19/2025 | 10 | 2 | GREAPHIX HAR JAP | 042867 | 08/10/2026 | 03/24/2026 | 03/24/2026 | 08/19/2025 | Book |